Determination of complement-mediated killing of bacteria by viability staining and bioluminescence /
Đã lưu trong:
| 其他作者: | , , , , , , |
|---|---|
| 格式: | Bài viết |
| 語言: | English |
| 主題: | |
| 標簽: |
添加標簽
沒有標簽, 成為第一個標記此記錄!
|
| Thư viện lưu trữ: | Thư viện Trường Đại học Đà Lạt |
|---|
| LEADER | 01140nam a2200385 4500 | ||
|---|---|---|---|
| 001 | DLU090091292 | ||
| 005 | ##20091201 | ||
| 040 | # | # | |a DLU |b eng |
| 041 | # | # | |a eng |
| 044 | # | # | |a us |
| 245 | # | # | |a Determination of complement-mediated killing of bacteria by viability staining and bioluminescence / |c Marko Virta ... [et al.]. |
| 653 | # | # | |a Bacillus subtilis |
| 653 | # | # | |a Bioluminescence |
| 653 | # | # | |a Complement |
| 653 | # | # | |a Flow cytometry |
| 653 | # | # | |a Lysis |
| 653 | # | # | |a Recombinant microorganism |
| 653 | # | # | |a Viability |
| 700 | # | # | |a Kankaanpaa, Pasi. |
| 700 | # | # | |a Karp, Matti. |
| 700 | # | # | |a Lilius, Esa-Matti. |
| 700 | # | # | |a Lineri, Sanna. |
| 700 | # | # | |a Nuutila, Jari. |
| 700 | # | # | |a Peltonen, Karita. |
| 700 | # | # | |a Virta, Marko. |
| 773 | # | # | |t Applied and Environmental Microbiology |g Vol. 64, no. 2 (February 1998), p. 515-519 |
| 920 | # | # | |a Phòng Tạp chí -- Trung tâm Thông tin - Thư viện Trường Đại học Đà Lạt |
| 994 | # | # | |a DLU |
| 900 | # | # | |a True |
| 911 | # | # | |a Trương Bảo Trâm Anh |
| 925 | # | # | |a G |
| 926 | # | # | |a A |
| 927 | # | # | |a BB |
| 980 | # | # | |a Thư viện Trường Đại học Đà Lạt |